000 00243nam a2200085Ia 4500
008 120527s9999 xx 000 0 und d
100 _aOHAYO-MITOKO,Grace
245 _aOccupational pesticide exposure among Kenya Agricultural workers
942 _cBK
999 _c25178
_d25178